000 00277nam a22001337a 4500
999 _c2
_d2
020 _a9781292060439
082 _a337
100 _aKrugman, Paul R.
245 _aInternational Trade
250 _a10th ed.
260 _aBostan
_bPearson
_c2015
300 _a360p.
_b:ill
942 _cBK